Gaming Quiz

Random Gaming or Pokémon Quiz
Score 0/43 Timer 06:00
4 Plays Today
Type Pokémon % Correct
ElectricPikachu
86.1%
Rock/GroundGeodude
70.8%
DragonDratini
68.2%
Ghost/PoisonHaunter
65.1%
Normal/FlyingPidgeot
62.8%
PsychicKadabra
62.8%
Fire/FlyingMoltres
61%
FightingMachoke
57.9%
FightingMachamp
57.5%
BugMetapod
57%
Water/IceDewgong
54.2%
Grass/PoisonIvysaur
51.4%
Water/PsychicStarmie
50.2%
ElectricVoltorb
49.4%
GroundDugtrio
49.3%
GroundDiglett
49.1%
PoisonKoffing
47.1%
Normal/FlyingSpearow
45.5%
PoisonWeezing
45%
WaterPsyduck
44.6%
NormalRattata
44%
WaterGoldeen
42.8%
Type Pokémon % Correct
ElectricJolteon
42.7%
WaterSeaking
42.2%
Bug/FlyingScyther
42.1%
Rock/WaterOmastar
42.1%
FireFlareon
42%
Rock/WaterOmanyte
42%
PsychicDrowzee
41.6%
Bug/PoisonVenonat
41.1%
WaterGolduck
40.3%
PoisonNidoran (female)
38.8%
PoisonNidoran (male)
38.8%
NormalSnorlax
37.9%
Water/PsychicSlowbro
35.8%
NormalChansey
33.9%
WaterPoliwag
33.2%
Ground/RockRhyhorn
32.6%
GrassTangela
30.7%
NormalPersian
29.8%
WaterKingler
26.3%
GroundMarowak
25.6%
NormalPorygon
23.8%

You're not logged in!

Compare scores with friends on all Sporcle quizzes.
OR
Log In

Sporcle TV

Today on Sporcle TV


Watch our educational content, quiz creation guides, and fun videos on Sporcle TV.

Show Comments

Extras

Top Quizzes Today


Score Distribution

Paid Content

Your Account Isn't Verified!

In order to create a playlist on Sporcle, you need to verify the email address you used during registration. Go to your Sporcle Settings to finish the process.

Report this User

Report this user for behavior that violates our Community Guidelines.

Details: